header

Diophanti Alexandrini opera omnia (Record no. 210500)

MARC details
000 -LEADER
fixed length control field 01325nam a2200325 a 4500
100 0# - MAIN ENTRY--AUTHOR NAME
Personal name Diophantus,
245 10 - TITLE STATEMENT
Title Diophanti Alexandrini opera omnia
250 ## - EDITION STATEMENT
Edition statement Editio stereotypa editionis anni MDCCCXCIII.
260 ## - PUBLICATION, DISTRIBUTION, ETC. (IMPRINT)
Place of publication Stutgardiae :
Name of publisher In aedibus B.G. Teubneri,
Year of publication 1974.
300 ## - PHYSICAL DESCRIPTION
Number of Pages ix, 481 p.
650 #0 - SUBJECT ADDED ENTRY--TOPICAL TERM
Topical Term Mathematics, Greek.
Topical Term Arithmetic
700 1# - ADDED ENTRY--PERSONAL NAME
Personal name Tannery, Paulus.
856 40 - ELECTRONIC LOCATION AND ACCESS
Uniform Resource Identifier http://site.ebrary.com/lib/rucke/Doc?id=10591508

No items available.

© 2026 Rongo University
Contact us: librarian | system librarian | Rongo university